Hope Against Hope (Record no. 16700)

MARC details
000 -LEADER
fixed length control field 00646nam a2200229 a 4500
020 ## - INTERNATIONAL STANDARD BOOK NUMBER
ISBN 0802813
082 00 - DEWEY DECIMAL CLASSIFICATION NUMBER
Classification number 236
Author Cutter BAU
100 ## - MAIN ENTRY--AUTHOR NAME
Author name Bauckham, Richard
245 ## - TITLE STATEMENT
Title Hope Against Hope
Sub title Chsristian Eschatology at the Turn of the Millennium
260 ## - PUBLICATION, DISTRIBUTION, ETC. (IMPRINT)
Place of publication Michigan
Name of publisher William B.Eerdmans Pub
Year of publication 1999
300 ## - PHYSICAL DESCRIPTION
Number of Pages 233p
500 ## - GENERAL NOTE
General note includes index and biblioraphy
505 2# - FORMATTED CONTENTS NOTE
Formatted contents note Notes, Index of Personal Names, Subject Index
650 ## - SUBJECT ADDED ENTRY--TOPICAL TERM
Topical Term Eschatology
942 ## - ADDED ENTRY ELEMENTS (KOHA)
Koha item type Books
Holdings
Collection code Home library Current library Date acquired Cost, normal purchase price Full call number Accession Number Koha item type
  Henry Martyn Institute Library Henry Martyn Institute Library 06/20/2007 474.50 236 BAU 020005 Books
                   Copyright © 2026 | Henry Martyn Institute | Hyderabad | TS-500052 | INDIA | Implemented by hmi.edu.in
Hit-Count:

Powered by Koha